00610nam a2200157 a 450000500170000000800410001702000180005805000230007610000160009924500840011526000450019930000250024444000220026952000860029165000750037720140412111407.0070910s19uu xx 00 eng d a0-86683-763-9 aM 610.92bH87 1979 aHugh, Alice aTom Dooley, Jungle doctor: a story about Dr. Thomas A. Dooley /cAlice J. Hugh. aMinneapolis, MN :bWinston press,c1979. a[32]p. : ill. 21 cm. aChristians heroes aBriefly focuses on the American physician's work with orphans in southeast Asia. aMissionaries, Medical-- Southeast Asia--BiographyxJuvenile literature